Statistics for Moby Discography

Click here to take the quiz!

General Stats

  • This quiz has been taken 2 times
  • The average score is 12 of 45

Answer Stats

Type Year Name % Correct
Album2008Last Night
100%
Album1993Ambient
100%
Album2005Hotel
100%
Album200218
100%
Album1996Animal Rights
100%
Album1999Play
100%
Album2018Everything Was Beautiful, and Nothing Hurt
50%
Album2016Long Ambients 1: Calm. Sleep.
50%
Album1992Moby
50%
Album2011destroyed.
50%
Album2016These Systems Are Failing
50%
Compilation2006Go - The Very Best of Moby
50%
Album2013Innocents
50%
EP1995Disk
50%
Album1995Everything Is Wrong
50%
EP1993Move - The E.P.
50%
Album2009wait for me.
50%
EP2011Be the One
0%
Remix Album2012Destroyed Remixed
0%
Remix Album2016The Remixes
0%
Video Album2014Almost Home: Live at the Fonda Theatre, LA
0%
Compilation2016Music from Porcelain
0%
Remix Album2016Moby Remixes
0%
Remix Album2017Black Lacquer
0%
Remix Album2017Suara Remixes
0%
Album2017More Fast Songs About the Apocalypse
0%
Live Album2011iTunes Festival London 2011
0%
Compilation1991Instinct Dance
0%
Remix Album2010Wait for Me. Remixes!
0%
Remix Album2009Wait for Me: Ambient
0%
Remix Album2008Last Night Remixed
0%
Compilation2008A Night in NYC
0%
Remix Album2007Go - The Very Best of Moby: Remixed
0%
Video Album2006Live: Hotel Tour
0%
Compilation2005iTunes Originals - Moby
0%
Compilation & DVD200318 B-Sides + DVD
0%
Video Album2001Play: The DVD
0%
Compilation2000Play: The B Sides
0%
Compilation2000MobySongs 1993–1998
0%
Compilation1997I Like to Score
0%
Compilation1996Rare: The Collected B-Sides 1989–1993
0%
Compilation1993Early Underground
0%
Collaborative EP2007The BioShock EP
0%

Score Distribution

Percentile by Number Answered

Percent of People with Each Score

Your Score History

You have not taken this quiz